Historia według obrazka na literę A - Statystyki

Ogólne statystyki
  • Ten quiz został rozwiązany 75 razy
    69 od ostatniego zresetowania
  • Średni wynik to 9 z 17
Statystyki odpowiedzi
Obrazkowy Hint Odpowiedź % Poprawnych
bogini Atena
89%
osoba (jego nazwisko) Armstrong
86%
monarchia (1914) Austro-Węgry
77%
kultura (kogo?) Azteków
74%
wzgórze Akropol
72%
rodzaj kanału Akwedukt
72%
osoba (po prawej) Arystoteles
63%
strona konfliktu Alianci
62%
królowa (nazwisko rodowe) Andegaweńska
57%
osoba (jego tytuł) August
48%
władca Hunów Attyla
42%
król (jego imię) Aleksander
37%
matematyk Archimedes
25%
świątynia Angkor Wat
20%
pałac Alhambra
15%
przyrząd astronomiczny Astrolabium
15%
dawna stolica Agra
12%
Nie znaleziono quizów pasujących do podanych kryteriów
Rozkład punktacji
Procent ludzi z każdym wynikiem
Percentyl według liczby udzielonych odpowiedzi
Twoja historia wyników
Nie rozwiązałeś tego quizu od ostatniego zresetowania